[Event "Israel 72/41"]
[Site "?"]
[Date "1998.??.??"]
[Round "?"]
[White "Greenfeld, Alon"]
[Black "Yemelin, Vasily"]
[Result "1/2-1/2"]
[WhiteElo "2530"]
[BlackElo "2485"]
[PlyCount "54"]
[EventDate "1998.??.??"]
[Source "ChessBase"]
[SourceDate "1998.02.01"]

1. c4 c5 2. Nf3 Nc6 3. d4 cxd4 4. Nxd4 Nf6 5. Nc3 e6 6. g3 Qb6 7. Ndb5 Bc5 8. Bg2 Bxf2+ 9. Kf1 Ng4 10. Qd6 Kd8 11. Bg5+ f6 12. Na4 Qa6 13. h3 Qxa4 14. hxg4 Bb6 15. Rxh7 Re8 16. Bxf6+ gxf6 17. Rd1 Ne5 18. b3 Qxa2 19. Bxb7 Qc2 20. Rg7 Rb8 21. Bc6 Qxd1+ 22. Qxd1 Nxc6 23. Nd6 Re7 24. Rg8+ Kc7 25. Nb5+ Kb7 26. Nd6+ Kc7 27. Nb5+ Kb7 1/2-1/2

[Event "Soviet Union"]
[Site "Soviet Union"]
[Date "1985.??.??"]
[Round "?"]
[White "Dvoirys, Semen I"]
[Black "Tal, Mikhail N"]
[Result "1/2-1/2"]
[WhiteElo "2445"]
[BlackElo "2565"]
[PlyCount "145"]
[EventDate "1985.??.??"]
[Source "www.chesslib.no"]
[SourceDate "2004.05.04"]

1. Nf3 Nf6 2. c4 c5 3. Nc3 Nc6 4. d4 cxd4 5. Nxd4 e6 6. g3 Qb6 7. Nb3 Ne5 8. e4 Bb4 9. Qe2 O-O 10. f4 Nc6 11. e5 Ne8 12. Bd2 f6 13. c5 Qd8 14. a3 Bxc3 15. Bxc3 fxe5 16. Bxe5 Nxe5 17. Qxe5 a5 18. Bd3 a4 19. Nd2 d6 20. cxd6 Nxd6 21. O-O-O Ra5 22. Qc3 Qb6 23. Kb1 Rc5 24. Qb4 Qxb4 25. axb4 Rd5 26. Nc4 Rxd3 27. Nxd6 Rb3 28. Rc1 Bd7 29. Rc7 Bc6 30. Re1 a3 31. f5 Rxb2+ 32. Ka1 exf5 33. Nxb7 Be4 34. Nc5 Rxb4 35. Ne6 Ra8 36. Ng5 a2 37. Nxe4 Rxe4 38. Rd1 Re2 39. h4 Re3 40. Rc5 Rf3 41. h5 h6 42. Rg1 Ra4 43. Rc8+ Kh7 44. Rf8 Raa3 45. Rh1 Rxg3 46. Rxf5 Rg5 47. Rf2 Raa5 48. Rfh2 Kg8 49. Rh3 Rgf5 50. R3h2 Kf7 51. Rh3 Kf6 52. R3h2 Rg5 53. Rf2+ Ke6 54. Re2+ Rge5 55. Reh2 Reb5 56. Re2+ Kf7 57. Rf2+ Kg8 58. Rfh2 g6 59. hxg6 Kg7 60. Rc2 h5 61. Rc7+ Kxg6 62. Rc6+ Kf7 63. Rc7+ Ke6 64. Rc6+ Kd7 65. Rh6 Re5 66. Rg1 Ke7 67. Rf1 Rf5 68. Rc1 Kf8 69. Rh7 Kg8 70. Rb7 h4 71. Rb4 h3 72. Rb3 h2 73. Rb2 1/2-1/2

[Event "Israel 75/31"]
[Site "?"]
[Date "1999.??.??"]
[Round "?"]
[White "Huzman, Alexander"]
[Black "Tsesarsky, Ilya"]
[Result "1-0"]
[WhiteElo "2575"]
[BlackElo "2430"]
[PlyCount "83"]
[EventDate "1999.??.??"]
[Source "ChessBase"]
[SourceDate "1999.02.01"]

1. Nf3 Nf6 2. c4 e6 3. Nc3 c5 4. d4 cxd4 5. Nxd4 Nc6 6. g3 Qb6 7. Nb3 Ne5 8. e4 Bb4 9. Qe2 d6 10. Bd2 a5 11. f4 Nc6 12. Na4 Bxd2+ 13. Qxd2 Qb4 14. Qxb4 Nxb4 15. Rd1 Nxe4 16. Bg2 Nc5 17. Nbxc5 dxc5 18. a3 Nc6 19. Nxc5 Ke7 20. b3 Rd8 21. Kf2 Rb8 22. Bxc6 bxc6 23. Ke3 Rd6 24. Rd4 Rxd4 25. Kxd4 Bd7 26. Kc3 Be8 27. Re1 Ra8 28. Re5 Ra7 29. a4 Bd7 30. Re2 h6 31. b4 axb4+ 32. Kxb4 Bc8 33. a5 Ra8 34. Na4 Ba6 35. Rd2 g5 36. Nb6 Ra7 37. Kc5 gxf4 38. gxf4 Rc7 39. Rg2 Kf6 40. Rg8 Ra7 41. Ra8 Rxa8 42. Nxa8 1-0

[Event "2nd IECC, Ohrid MKD"]
[Site "?"]
[Date "2001.??.??"]
[Round "12"]
[White "Volzhin, A."]
[Black "Jaracz, P."]
[Result "1/2-1/2"]
[WhiteElo "2525"]
[BlackElo "2480"]
[PlyCount "40"]
[EventDate "2001.??.??"]
[Source "www.chesslib.no"]
[SourceDate "2004.05.04"]

1. Nf3 c5 2. c4 Nc6 3. d4 cxd4 4. Nxd4 e6 5. Nc3 Nf6 6. g3 Qb6 7. Ndb5 Ne5 8. Bg2 a6 9. Qa4 Rb8 10. Be3 Bc5 11. Bxc5 Qxc5 12. Qa3 b6 13. Nd6+ Ke7 14. Qxc5 bxc5 15. Nxc8+ Rhxc8 16. b3 d5 17. cxd5 c4 18. b4 Rxb4 19. dxe6 fxe6 20. h3 Ned7 1/2-1/2

[Event "Parnu"]
[Site "Parnu EST"]
[Date "1977.??.??"]
[Round "?"]
[White "Gulko, Boris F"]
[Black "Sokolov, Sergey M"]
[Result "1-0"]
[WhiteElo "2585"]
[BlackElo "2420"]
[PlyCount "59"]
[EventDate "1977.??.??"]
[Source "www.chesslib.no"]
[SourceDate "2004.05.04"]

1. c4 c5 2. Nf3 Nc6 3. Nc3 Nf6 4. d4 cxd4 5. Nxd4 e6 6. g3 Qb6 7. Nb3 Bb4 8. Bg2 d5 9. cxd5 Nxd5 10. O-O Nxc3 11. bxc3 Be7 12. Be3 Qc7 13. Nd4 Bd7 14. Rb1 a6 15. Nxc6 Bxc6 16. Bxc6+ bxc6 17. Rb6 O-O 18. Qa4 c5 19. Rfb1 Qe5 20. Rxa6 Rxa6 21. Qxa6 Qxc3 22. Qa7 Qf6 23. Rb7 Bd6 24. Rd7 Bb8 25. Qxc5 Qa1+ 26. Bc1 Be5 27. Kg2 Bb2 28. Qe7 h5 29. Bg5 Qxa2 30. Qxf8+ 1-0

[Event "Peer Gynt"]
[Site "Gausdal"]
[Date "1991.??.??"]
[Round "6"]
[White "Ostenstad, Berge"]
[Black "Dvoirys, Semen I"]
[Result "0-1"]
[WhiteElo "2475"]
[BlackElo "2525"]
[PlyCount "82"]
[EventDate "1991.07.??"]
[Source "www.chesslib.no"]
[SourceDate "2004.05.04"]

1. Nf3 Nf6 2. c4 c5 3. Nc3 Nc6 4. d4 cxd4 5. Nxd4 e6 6. g3 Qb6 7. Nb3 Ne5 8. e4 Bb4 9. Qe2 d6 10. f4 Nc6 11. Be3 Bxc3+ 12. bxc3 Qc7 13. Bg2 O-O 14. O-O b6 15. Nd4 Bb7 16. Nb5 Qe7 17. Rad1 Rfd8 18. Qd3 Ne8 19. Rf2 Na5 20. Nxa7 Rxa7 21. Bxb6 Bc6 22. c5 Rdd7 23. Bxa7 dxc5 24. Qb1 Rxa7 25. Qb6 Ba4 26. Rd3 e5 27. Rd5 exf4 28. gxf4 Bc6 29. Rxc5 Ra6 30. Qb4 Qa7 31. Re5 Nb7 32. Qc4 Nbd6 33. Qd4 Rxa2 34. Rxa2 Qxa2 35. h3 Qb1+ 36. Kh2 Qc1 37. Kg3 Qe1+ 38. Kh2 Qh4 39. f5 Nf6 40. Bf3 Qf4+ 41. Kg2 Nfxe4 0-1

[Event "Prague Bohemians"]
[Site "Prague"]
[Date "1980.??.??"]
[Round "8"]
[White "Ilic, Zoran"]
[Black "Vasiukov, Evgeni"]
[Result "1/2-1/2"]
[WhiteElo "2440"]
[BlackElo "2560"]
[PlyCount "23"]
[EventDate "1979.??.??"]
[Source "www.chesslib.no"]
[SourceDate "2004.05.04"]

1. Nf3 Nf6 2. c4 c5 3. Nc3 Nc6 4. d4 cxd4 5. Nxd4 e6 6. g3 Qb6 7. Nb3 Bb4 8. Bg2 Qa6 9. c5 b6 10. cxb6 axb6 11. O-O Bb7 12. Bg5 1/2-1/2